| 000 | 00809nmc a2200313 a 4500 | ||
|---|---|---|---|
| 003 | AR-BaBNM | ||
| 005 | 20251128211505.0 | ||
| 008 | 304020s1994 ||||||||||||||000 | spa|| | ||
| 020 | _a950-9003-04-2 | ||
| 040 | _cAR-BaBNM | ||
| 100 | 1 | _aJanin, Miguel | |
| 245 | 1 | 0 |
_aPáginas con humor _bantología |
| 250 | _a12ª ed. | ||
| 260 |
_aBuenos Aires _bAique _c1994 |
||
| 300 | 0 |
_a107 p. _bil. |
|
| 490 | 0 | _aPáginas con... | |
| 650 | 4 | _aANTOLOGIAS | |
| 650 | 4 | _aHUMOR LITERARIO | |
| 650 | 4 | _aLITERATURA ARGENTINA | |
| 650 | 4 | _aLEYENDAS | |
| 653 | 0 | _aLITERATURA JUVENIL | |
| 655 | _aLITERATURA | ||
| 700 | 1 | _aPosesorski, Hebe S. | |
| 700 | 1 |
_aHalpern, Raquel _epresentación |
|
| 700 | 1 |
_aFortín, Raúl _eilustrador |
|
| 700 | 1 |
_aTorres, Carlos _ediseño |
|
| 942 | _cBK | ||
| 998 | _cEugenia | ||
| 999 |
_c19875 _d19875 |
||